[Event "Roncana op-C 9th"]
[Site "Santa Eulalia de Roncana"]
[Date "2015.11.21"]
[Round "7"]
[White "Cabrera Gallego, Alejandro Nicolas"]
[Black "Martinez Gueldos, Ferran"]
[Result "1-0"]
[WhiteElo "1706"]
[BlackElo "1694"]
[PlyCount "51"]
[EventDate "2015.10.03"]
[EventType "swiss"]
[EventRounds "8"]
[EventCountry "ESP"]
[SourceTitle "EXT 2017"]
[Source "ChessBase"]
[SourceDate "2016.10.25"]
[SourceVersion "1"]
[SourceVersionDate "2016.10.25"]
[SourceQuality "1"]

1. e4 e5 2. Nc3 Nf6 3. Nf3 Nc6 4. g3 d6 5. Bg2 Bg4 6. 0-0 Qd7 7. Nb5 0-0-0 8. c3 a6 9. Na3 Na5 10. d3 Bh3 11. Bxh3 Qxh3 12. Ng5 Qd7 13. Qf3 h6 14. Qe3 hxg5 15. Qa7 Nc6 16. Qa8+ Nb8 17. Be3 b6 18. Nc4 Qb5 19. a4 Qc6 20. Qa7 Nfd7 21. a5 d5 22. Nxb6+ cxb6 23. axb6 Bc5 24. Bxc5 Qxc5 25. b4 Qb5 26. Qc7# 1-0

[Event "Roncana op-C 9th"]
[Site "Santa Eulalia de Roncana"]
[Date "2015.11.14"]
[Round "6"]
[White "Martinez Gueldos, Ferran"]
[Black "Cabecera Santiago, Hugo"]
[Result "1-0"]
[WhiteElo "1694"]
[BlackElo "1412"]
[PlyCount "73"]
[EventDate "2015.10.03"]
[EventType "swiss"]
[EventRounds "8"]
[EventCountry "ESP"]
[SourceTitle "EXT 2017"]
[Source "ChessBase"]
[SourceDate "2016.10.25"]
[SourceVersion "1"]
[SourceVersionDate "2016.10.25"]
[SourceQuality "1"]

1. e4 c5 2. Nf3 d6 3. Bc4 Nf6 4. Nc3 g6 5. h3 Bg7 6. d3 0-0 7. 0-0 Nc6 8. Bg5 h6 9. Bh4 a6 10. Qd2 b5 11. Bd5 Nxd5 12. Nxd5 Be6 13. Nc3 b4 14. Ne2 Bxb2 15. Rab1 Bc3 16. Nxc3 bxc3 17. Qxc3 Qa5 18. Qxa5 Nxa5 19. Bxe7 Rfe8 20. Bxd6 Rac8 21. Rfe1 Red8 22. Be7 Rd7 23. Bf6 Bxa2 24. Ra1 Be6 25. Rxa5 Ra7 26. c3 c4 27. dxc4 Bxc4 28. Rd1 Be2 29. Rd2 Bc4 30. Ne5 Be6 31. Rd6 Bb3 32. Ra3 Rb8 33. Nd7 Rbb7 34. Rdxa6 Rxa6 35. Rxa6 Rxd7 36. Ra8+ Kh7 37. Rh8# 1-0

[Event "Roncana op-C 8th"]
[Site "Santa Eulalia de Roncana"]
[Date "2014.10.11"]
[Round "1"]
[White "Salvany Alonso, Artur"]
[Black "Martinez Gueldos, Ferran"]
[Result "1-0"]
[WhiteElo "1715"]
[BlackElo "1700"]
[PlyCount "37"]
[EventDate "2014.10.11"]
[EventType "swiss"]
[EventRounds "8"]
[EventCountry "ESP"]
[SourceTitle "EXT 2016"]
[Source "ChessBase"]
[SourceDate "2015.10.08"]
[SourceVersion "1"]
[SourceVersionDate "2015.10.08"]
[SourceQuality "1"]

1. e4 e5 2. Nf3 Nf6 3. Bc4 Bc5 4. 0-0 0-0 5. Nc3 Nc6 6. d3 d6 7. Bg5 Bg4 8. Nd5 Ne7 9. Nxf6+ Kh8 10. Nd5 c6 11. Bxe7 Qe8 12. Bxf8 Qxf8 13. Nc7 Rc8 14. Ne6 Bxe6 15. Bxe6 fxe6 16. Re1 Bb6 17. Ng5 Qe7 18. Qh5 g6 19. Qxh7+ 1-0